000 00553nam a22001577a 4500
005 20120303120531.0
020 _a0195641493
_c00.00
035 _aA-896727
037 _aDPL
_bENG
100 _aBose, Subhas Chandra
_91587
245 _aThe indian struggle 1920-1942 /
_cby Subhas Chandra Bose
260 _aDelhi
_bOxford University Press
_c1998
300 _axii, 418p.
_c18 cms.
942 _2ddc
_cEN
_h080
_mBOS
999 _c63709
_d63709